000 00448nam a2200193Ia 4500
008 101110s9999 xx 000 0 und d
041 _aENGLISH
082 _bSR6290
100 _aFairgrieve J.
245 _aThe Gateways of Commerce
365 _b3
520 _aCommerce
546 _aENGLISH
630 _aThe Gateways of Commerce
650 _aCommerce
655 _aCommerce
730 _aThe Gateways of Commerce
942 _cBOOK
999 _c802186
_d802183